zpět

Detail výsledku týmu

U Medníka, Frýdek-Místek

Datum a čas kvízu

16.5 Celkem bodů Celkový počet nahraných bodů na tomto kvízu bez doplňovacích otázek.
4. Pořadí na kvízu Konečné umístění týmu na tomto kvízu.

Zaznamenané odpovědi

# Otázka Odpověď Body Výsledky
1. Manželka známého zločince se s... 0
2. Ponorka, která byla nalezena p... 0
3. Tři ženy v galerii mezinárodní... 0
4. Řada čínských e-shopů stáhla z... 1
5. Jak se jmenuje český útočník,... 1
6. Nedávno jsme zde probírali tém... 0
5. Jak se česky nazývá céva, ozna... 0
5. Ledviny slouží k odstranění ne... 0
5. Kterým českým výrazem je pojme... 1
5. V tenkém střevu dochází ke kon... 0